Hong Kong's MTR stations - Statistics

General Stats
  • This quiz has been taken 1,132 times
    874 since last reset
  • The average score is 51 of 87
Answer Stats
Names of stations % Correct
Central
90%
Kowloon
89%
Mong Kok
87%
Admiralty
82%
Causeway Bay
82%
Airport
81%
Tsim Sha Tsui
81%
Wan Chai
80%
Tsuen Wan
77%
Sha Tin
76%
Hong Kong
75%
Prince Edward
75%
Chai Wan
72%
Jordan
72%
Ma On Shan
72%
Kowloon Tong
70%
Kwun Tong
70%
North Point
70%
Kennedy Town
69%
Sheung Wan
69%
Tung Chung
69%
Yau Ma Tei
69%
Tseung Kwan O
68%
University
67%
Diamond Hill
66%
HKU
65%
Hung Hom
65%
Quarry Bay
65%
Tin Hau
64%
Tsing Yi
64%
Lo Wu
63%
Fortress Hill
62%
Kowloon Bay
61%
Olympic
61%
Sunny Bay
61%
Mong Kok East
59%
Sheung Shui
59%
Tai Koo
58%
Tai Wai
58%
Sham Shui Po
57%
Fo Tan
56%
Lok Ma Chau
56%
Tai Wo
56%
Tuen Mun
56%
Choi Hung
55%
Lai King
55%
Tai Po Market
55%
Kwai Fong
54%
Mei Foo
54%
Yuen Long
54%
Fanling
53%
Lai Chi Kok
53%
LOHAS Park
53%
Po Lam
53%
Sai Ying Pun
53%
Wong Tai Sin
53%
Austin
52%
East Tsim Sha Tsui
52%
Lam Tin
52%
Racecourse
52%
Lok Fu
51%
Yau Tong
51%
Nam Cheong
50%
Shek Kip Mei
50%
AsiaWorld-Expo
49%
Cheung Sha Wan
48%
Kwai Hing
48%
Tiu Keng Leng
48%
Tsuen Wan West
48%
Hang Hau
47%
Ngau Tau Kok
47%
Shau Kei Wan
47%
Disneyland Resort
45%
Sai Wan Ho
45%
Tin Shui Wai
45%
Wu Kai Sha
45%
City One
43%
Heng Fa Chuen
43%
Kam Sheung Road
41%
Che Kung Temple
40%
Tai Wo Hau
40%
Heng On
37%
Sha Tin Wai
37%
Shek Mun
36%
Long Ping
35%
Siu Hong
33%
Tai Shui Hang
32%
No matching quizzes found
Score Distribution
Percent of People with Each Score
Percentile by Number Answered
Your Score History
You have not taken this quiz since the last reset